| 000 | 00000nas 2200000zi 4500 |
| 001 | 9.896895 |
| 003 | CaOODSP |
| 005 | 20240426082433 |
| 006 | m o d f |
| 007 | cr ||||||||||| |
| 008 | 210224d19851988oncar p o f0###a0eng|d |
| 040 | |aCaOODSP|beng|erda|cCaOODSP |
| 041 | 0 |aeng|afre |
| 043 | |an-cn--- |
| 086 | 1 |aC1-38-PDF |
| 245 | 00|aProvincial indicators historical series = |bLes indicateurs provinciaux séries historiques. |
| 246 | 11|aIndicateurs provinciaux séries historiques |
| 264 | 1|aOttawa : |bGovernment of Canada, Regional Industrial Expansion = Gouvernement du Canada, Expansion industrielle régionale, |c1985-1988? |
| 310 | |aAnnual |
| 336 | |atext|btxt|2rdacontent |
| 337 | |acomputer|bc|2rdamedia |
| 338 | |aonline resource|bcr|2rdacarrier |
| 362 | 1 |aBegan with 1973-1985; ceased with 1988? |
| 500 | |aDigitized edition from print [produced by Innovation, Science and Economic Development Canada]. |
| 546 | |aText in English and in French. |
| 550 | |aPublished 1985-1987 by Regional Industrial Expansion; 1988 by Industry, Science and Technology Canada. |
| 588 | |aDescription based on : 1973/1985 edition. |
| 588 | |aLatest issue consulted : 1988 edition. |
| 650 | 0|aEconomic indicators|zCanada|xProvinces|vPeriodicals. |
| 655 | 7|aPeriodicals|2lcgft |
| 710 | 1 |aCanada. |bDepartment of Regional Industrial Expansion, |eissuing body. |
| 710 | 1 |aCanada. |bIndustry, Science and Technology Canada, |eissuing body. |
| 788 | |tProvincial indicators historical series = |efre|w(CaOODSP)9.896894 |